Química de alimentos: manual de laboratorio

Na minha lista:
Detalhes bibliográficos
Autor principal: Miller, Dennis D. (autor)
Formato: Livro
Idioma:espanhol
Publicado em: Ciudad de México Limusa 2001
Assuntos:
Tags: Adicionar Tag
Sem tags, seja o primeiro a adicionar uma tag!

MARC

LEADER 00000nam a2200000 a 4500
001 UCM9048
003 CL-VaPUC
008 030411e20010000MX |||||||||||||||||spa|d
082 0 4 |a 664.0072  |b MIL  |2 21 
100 |a Miller, Dennis D.  |e autor  |9 475389 
245 1 0 |a Química de alimentos: manual de laboratorio 
300 |a 173 p 
942 |c BK 
945 |d 20030411 00:00:00  |a vberengu 
260 |a Ciudad de México  |b Limusa  |c 2001 
650 0 |a Alimentos   |x Composición química   |9 460309 
650 0 |a Análisis de alimentos  |9 361130 
583 |a last modification  |c 20030411 00:00:00  |k Rodrigo Vera 
999 |c 303429  |d 303427 
952 |0 0  |1 0  |4 0  |6 664_007200000000000_MIL_2001  |7 0  |8 A  |9 364720  |a BIBCUR  |b BIBCUR  |d 2019-11-21  |i 3891798  |o 664.0072 MIL 2001  |p 3891798  |r 2025-04-22  |w 2019-11-21  |y BK  |k BCB